New experimental surgical techniques for paediatric bladder augmentation and continent cutaneous diversion

Elmentve itt :
Bibliográfiai részletek
Szerző: Cervellione Raimondo Maximilian
További közreműködők: Cserni Tamás (Témavezető)
Dokumentumtípus: Disszertáció
Megjelent: 2018-09-26
Tárgyszavak:
doi:10.14232/phd.9896

mtmt:30607935
Online Access:http://doktori.ek.szte.hu/9896
LEADER 01120nta a2200229 i 4500
001 dokt9896
005 20200630124224.0
008 180726s2018 hu om 0|| eng d
024 7 |a 10.14232/phd.9896  |2 doi 
024 7 |a 30607935  |2 mtmt 
040 |a SZTE Doktori Repozitórium  |b hun 
041 |a eng 
100 1 |a Cervellione Raimondo Maximilian 
245 1 0 |a New experimental surgical techniques for paediatric bladder augmentation and continent cutaneous diversion  |h [elektronikus dokumentum] /  |c  Cervellione Raimondo Maximilian 
246 1 0 |a Új kísérletes sebészeti módszerek hólyag augmentáció és kontinens húgyúti sztóma céljára  |h [elektronikus dokumentum] 
260 |c 2018-09-26 
502 |a Disszertacio 
650 4 |a klinikai orvostudományok 
700 1 |a Cserni Tamás  |e ths 
856 4 0 |u https://doktori.bibl.u-szeged.hu/id/eprint/9896/1/Thesis%209.15.pdf  |z Dokumentum-elérés  
856 4 0 |u https://doktori.bibl.u-szeged.hu/id/eprint/9896/8/T%C3%A9zisf%C3%BCzet%20angol.pdf  |z Dokumentum-elérés  
856 4 0 |u https://doktori.bibl.u-szeged.hu/id/eprint/9896/7/T%C3%A9zisf%C3%BCzet.pdf  |z Dokumentum-elérés